[Event "Serbia op-A"]
[Site "Belgrade"]
[Date "2025.07.22"]
[Round "8"]
[White "Dinesh, Rajan M"]
[Black "Gkavardinas, Antonios"]
[Result "1/2-1/2"]
[WhiteElo "2131"]
[BlackElo "2278"]
[PlyCount "113"]
[EventDate "2025.07.14"]
[EventType "swiss"]
[EventRounds "9"]
[EventCountry "SRB"]
[SourceTitle "CB30_2025"]
[SourceDate "2025.07.23"]
[SourceVersion "1"]
[SourceVersionDate "2025.07.23"]
[SourceQuality "1"]

1. e4 c5 2. Nf3 d6 3. d4 cxd4 4. Nxd4 Nf6 5. Nc3 a6 6. Bd3 e5 7. Nde2 Be7 8. 0-0 0-0 9. Ng3 Be6 10. f4 exf4 11. Bxf4 Nc6 12. Nd5 b5 13. c3 Ne5 14. Kh1 h6 15. Be2 Nfd7 16. Nf5 Bxf5 17. Nxe7+ Qxe7 18. exf5 Rab8 19. Qd4 Nf6 20. Rad1 Rfd8 21. Rfe1 Qc7 22. Qe3 Kh7 23. h3 Nc4 24. Qg3 Re8 25. Bxc4 Qxc4 26. b3 Rxe1+ 27. Rxe1 Qd5 28. Bxd6 Re8 29. Rxe8 Nxe8 30. Be5 Qe4 31. Qf4 Qb1+ 32. Kh2 Qxa2 33. Qb4 Nf6 34. Bxf6 gxf6 35. c4 Qe2 36. Qd6 bxc4 37. Qxf6 Kg8 38. Qd8+ Kh7 39. Qc7 cxb3 40. Qxf7+ Kh8 41. Qf8+ Kh7 42. Qf7+ Kh8 43. Qf6+ Kg8 44. Qg6+ Kf8 45. Qxh6+ Kg8 46. Qg5+ Kf8 47. Qh6+ Kg8 48. Qg6+ Kh8 49. Qh6+ Kg8 50. Qg5+ Kf8 51. f6 Qe6 52. Qh6+ Kf7 53. Qg7+ Ke8 54. Qh8+ Kf7 55. Qg7+ Ke8 56. Qg6+ Kf8 57. Qg7+ 1/2-1/2

[Event "Serbia op-A"]
[Site "Belgrade"]
[Date "2025.07.14"]
[Round "2"]
[White "Pajcin, Lav"]
[Black "Dinesh, Rajan M"]
[Result "0-1"]
[WhiteElo "2300"]
[BlackElo "2131"]
[PlyCount "74"]
[EventDate "2025.07.14"]
[EventType "swiss"]
[EventRounds "9"]
[EventCountry "SRB"]
[SourceTitle "CB30_2025"]
[SourceDate "2025.07.23"]
[SourceVersion "1"]
[SourceVersionDate "2025.07.23"]
[SourceQuality "1"]

1. d4 d5 2. c4 e6 3. Nf3 c6 4. e3 Nf6 5. b3 Nbd7 6. Bb2 Bd6 7. Bd3 Qc7 8. Nc3 b6 9. 0-0 Bb7 10. Qc2 0-0 11. e4 dxc4 12. bxc4 e5 13. Ne2 Rfe8 14. c5 Bf8 15. dxe5 Ng4 16. e6 Rxe6 17. e5 Ndxe5 18. Nxe5 Nxe5 19. Bxh7+ Kh8 20. cxb6 axb6 21. Bf5 Rh6 22. Ng3 Kg8 23. Rfe1 Ng6 24. Rad1 Bc8 25. Bc1 Bxf5 26. Qxf5 Ne7 27. Qg4 Rg6 28. Qh5 Rxa2 29. Re4 Ra5 30. Qh3 Qc8 31. Qh4 Re6 32. Rg4 Ng6 33. Qh3 Rd5 34. Rf1 Qd7 35. Bb2 Rd1 36. Rg5 Qd3 37. Rh5 Ree1 0-1

[Event "Paracin op-A 18th"]
[Site "Paracin"]
[Date "2025.07.05"]
[Round "3"]
[White "Dinesh, Rajan M"]
[Black "Bogov, Khetag"]
[Result "1-0"]
[WhiteElo "2131"]
[BlackElo "1997"]
[PlyCount "59"]
[EventDate "2025.07.04"]
[EventType "swiss"]
[EventRounds "9"]
[EventCountry "SRB"]
[SourceTitle "CB29_2025"]
[SourceDate "2025.07.16"]
[SourceVersion "1"]
[SourceVersionDate "2025.07.16"]
[SourceQuality "1"]

1. e4 c6 2. d4 d5 3. f3 e6 4. Bd3 dxe4 5. fxe4 Qxd4 6. Nf3 Qb6 7. Qe2 Nd7 8. Nbd2 e5 9. Nc4 Qc7 10. a4 f6 11. 0-0 Bc5+ 12. Kh1 Ne7 13. Nh4 0-0 14. Ne3 Bxe3 15. Bxe3 g5 16. Nf5 Nxf5 17. exf5 Nb6 18. c4 Bd7 19. h4 e4 20. Bc2 Qe5 21. a5 Nc8 22. Rad1 Bxf5 23. hxg5 fxg5 24. Qh5 Ne7 25. Bd4 Qe6 26. Qxg5+ Ng6 27. Bc3 Rf7 28. c5 Raf8 29. Rd6 Qe7 30. Rxf5 1-0

[Event "Paracin op-A 18th"]
[Site "Paracin"]
[Date "2025.07.04"]
[Round "1"]
[White "Dinesh, Rajan M"]
[Black "Zanan, Evgeny"]
[Result "0-1"]
[WhiteElo "2131"]
[BlackElo "2493"]
[PlyCount "68"]
[EventDate "2025.07.04"]
[EventType "swiss"]
[EventRounds "9"]
[EventCountry "SRB"]
[SourceTitle "CB29_2025"]
[SourceDate "2025.07.16"]
[SourceVersion "1"]
[SourceVersionDate "2025.07.16"]
[SourceQuality "1"]

1. e4 e5 2. Nf3 Nc6 3. Bc4 Nf6 4. d3 Be7 5. Nc3 0-0 6. a4 d6 7. h3 Be6 8. Nd5 Bxd5 9. exd5 Nb4 10. 0-0 Nbxd5 11. Re1 c6 12. a5 Re8 13. Bd2 Bf8 14. Bb3 h6 15. c3 Nc7 16. Qc2 Ne6 17. Ba2 Qc7 18. b4 g6 19. Re2 Bg7 20. Rae1 b6 21. axb6 axb6 22. Bb3 Kh7 23. Nh4 c5 24. b5 d5 25. Rxe5 c4 26. dxc4 dxc4 27. Ba2 Ng4 28. R5e4 Qh2+ 29. Kf1 Nc5 30. Rxe8 Qh1+ 31. Ke2 Rxe8+ 32. Kf3 Nh2+ 33. Kg3 Rxe1 34. Bxe1 Be5+ 0-1

[Event "Titled Tuesday intern op 06th May Early"]
[Site "Chess.com INT"]
[Date "2025.05.06"]
[Round "8"]
[White "Dinesh, Rajan M"]
[Black "Kopczynski, Michal"]
[Result "0-1"]
[WhiteElo "2133"]
[BlackElo "2225"]
[PlyCount "58"]
[EventDate "2025.05.06"]
[EventType "swiss (blitz)"]
[EventRounds "11"]
[EventCountry "USA"]
[SourceTitle "CB20_2025"]
[SourceDate "2025.05.14"]
[SourceVersion "1"]
[SourceVersionDate "2025.05.14"]
[SourceQuality "1"]

1. Nf3 d6 2. g3 e5 3. d4 e4 4. Nfd2 f5 5. Bg2 g6 6. c4 Bg7 7. e3 Nf6 8. Nc3 0-0 9. Qc2 c6 10. b4 Na6 11. a3 Nc7 12. Bb2 d5 13. c5 Be6 14. h4 h6 15. f3 exf3 16. Nxf3 Ng4 17. Nd1 Ne8 18. Nh2 Qc7 19. Nf1 Nef6 20. Qe2 Ne4 21. Bxe4 fxe4 22. Kd2 Rf3 23. b5 Raf8 24. Kc2 Rf2 25. Nxf2 Rxf2 26. Re1 Qa5 27. bxc6 Qxe1 28. Qxf2 Qxf2+ 29. Nd2 bxc6 0-1

[Event "Titled Tuesday intern op 01st Apr Early"]
[Site "Chess.com INT"]
[Date "2025.04.01"]
[Round "4"]
[White "Dinesh, Rajan M"]
[Black "Vandan, Alankar Sawai"]
[Result "1-0"]
[WhiteElo "2157"]
[BlackElo "2131"]
[PlyCount "59"]
[EventDate "2025.04.01"]
[EventType "swiss (blitz)"]
[EventRounds "11"]
[EventCountry "USA"]
[SourceTitle "CB15_2025"]
[SourceDate "2025.04.09"]
[SourceVersion "1"]
[SourceVersionDate "2025.04.09"]
[SourceQuality "1"]

1. e4 e6 2. d4 d5 3. Nc3 Nf6 4. e5 Nfd7 5. Nce2 c5 6. c3 Nc6 7. f4 b5 8. Nf3 b4 9. h4 h5 10. Be3 g6 11. Ng5 Rb8 12. f5 exf5 13. Nf4 Nb6 14. e6 fxe6 15. dxc5 Nc4 16. Bxc4 dxc4 17. Qa4 Bd7 18. Ngxe6 Qc8 19. Nxf8 Rxf8 20. 0-0 Kf7 21. Rad1 Rb7 22. Qa6 Kg7 23. Qxc4 Kh7 24. Rd6 Ne5 25. Qd5 Ng4 26. Bd4 bxc3 27. c6 Bxc6 28. Rxc6 Qe8 29. bxc3 Rb2 30. Rc7+ 1-0

[Event "Titled Tuesday intern op 25th Mar Early"]
[Site "Chess.com INT"]
[Date "2025.03.25"]
[Round "7"]
[White "Marra, Eduardo da Costa"]
[Black "Dinesh, Rajan M"]
[Result "1-0"]
[WhiteElo "2223"]
[BlackElo "2157"]
[PlyCount "167"]
[EventDate "2025.03.25"]
[EventType "swiss (blitz)"]
[EventRounds "11"]
[EventCountry "USA"]
[SourceTitle "CB14_2025"]
[SourceDate "2024.11.01"]
[SourceVersion "1"]
[SourceVersionDate "2024.11.01"]
[SourceQuality "1"]

1. e4 c5 2. Nf3 e6 3. g3 d5 4. exd5 exd5 5. d4 Nc6 6. Bg2 Bg4 7. 0-0 cxd4 8. Nbd2 Nf6 9. Nb3 Be7 10. Nbxd4 0-0 11. c3 Ne4 12. Be3 Bf6 13. Qb3 Na5 14. Qc2 Rc8 15. Rad1 Qd7 16. Rfe1 Rfd8 17. Qb1 Nc4 18. Bf4 Bh3 19. Bh1 b5 20. Nd2 Ncxd2 21. Bxd2 Bxd4 22. cxd4 Bf5 23. Qa1 Rc2 24. Be3 Rdc8 25. Rc1 b4 26. Rxc2 Rxc2 27. Rc1 Qc6 28. Rxc2 Qxc2 29. Qc1 Qxc1+ 30. Bxc1 f6 31. Bf4 Kf7 32. f3 Ng5 33. Bxg5 fxg5 34. Kf2 Ke6 35. Ke3 a5 36. Bg2 a4 37. a3 bxa3 38. bxa3 Bc2 39. Bf1 Bb3 40. Bb5 h5 41. f4 Kf6 42. Be8 h4 43. Bc6 Kf5 44. Bd7+ Kf6 45. fxg5+ Kxg5 46. Kf3 Bd1+ 47. Kf2 Bc2 48. Be6 Bb3 49. Kf3 Kf6 50. Bd7 Bd1+ 51. Kf4 hxg3 52. Kxg3 g5 53. h4 Bb3 54. hxg5+ Kxg5 55. Bc6 Kf5 56. Kf3 Bd1+ 57. Ke3 Bb3 58. Bb7 Kg4 59. Bc6 Kf5 60. Bb7 Ke6 61. Bc8+ Kd6 62. Bg4 Ke7 63. Kd2 Kf6 64. Kc3 Kg5 65. Be6 Kf4 66. Kb4 Ke3 67. Kc5 Ke4 68. Bd7 Ke3 69. Bb5 Ke4 70. Bc6 Kd3 71. Bxd5 Kc3 72. Bc6 Kb2 73. Kb4 Kc2 74. Bxa4 Bxa4 75. Kxa4 Kd3 76. d5 Kc4 77. d6 Kc5 78. d7 Kc6 79. d8Q Kb7 80. Qd6 Ka8 81. Qe7 Kb8 82. Kb5 Kc8 83. Kb6 Kb8 84. Qe8# 1-0

[Event "Titled Tuesday intern op 11th Mar Early"]
[Site "Chess.com INT"]
[Date "2025.03.11"]
[Round "1"]
[White "Casalaspro, Mathias Andre"]
[Black "Dinesh, Rajan M"]
[Result "0-1"]
[WhiteElo "2317"]
[BlackElo "2157"]
[PlyCount "58"]
[EventDate "2025.03.11"]
[EventType "swiss (blitz)"]
[EventRounds "11"]
[EventCountry "USA"]
[SourceTitle "CB12_2025"]
[SourceDate "2025.03.19"]
[SourceVersion "1"]
[SourceVersionDate "2025.03.19"]
[SourceQuality "1"]

1. d4 d5 2. Nc3 Nc6 3. Bf4 Bf5 4. Nf3 e6 5. e3 Bb4 6. Bd3 Nf6 7. 0-0 0-0 8. Ne2 Ne4 9. Ng3 Bg6 10. c3 Bd6 11. Qc2 f5 12. Ne2 Qf6 13. Rad1 Bh5 14. Kh1 g5 15. Bg3 Rae8 16. Nfg1 f4 17. exf4 gxf4 18. Bxe4 dxe4 19. Qxe4 fxg3 20. fxg3 Qxf1 21. Rxf1 Rxf1 22. h3 e5 23. dxe5 Rxe5 24. Qc4+ Kh8 25. Nf4 Ree1 26. Kh2 Rxg1 27. g4 Rgf1 28. g3 Bf7 29. Qxf7 Rf2+ 0-1

[Event "Titled Tuesday intern op 11th Feb Early"]
[Site "Chess.com INT"]
[Date "2025.02.11"]
[Round "7"]
[White "Dinesh, Rajan M"]
[Black "Shohat, Yotam"]
[Result "1-0"]
[WhiteElo "2157"]
[BlackElo "2389"]
[PlyCount "155"]
[EventDate "2025.02.11"]
[EventType "swiss (blitz)"]
[EventRounds "11"]
[EventCountry "USA"]
[SourceTitle "CB08_2025"]
[SourceDate "2025.02.19"]
[SourceVersion "1"]
[SourceVersionDate "2025.02.19"]
[SourceQuality "1"]

1. e4 e5 2. Nf3 Nc6 3. Bc4 Bc5 4. c3 Nf6 5. d4 exd4 6. b4 Bb6 7. e5 Ne4 8. b5 Ne7 9. cxd4 d5 10. Bd3 Bg4 11. Bb2 0-0 12. h3 Bh5 13. Nbd2 Bg6 14. Qc2 Nxd2 15. Nxd2 f6 16. 0-0 Bxd3 17. Qxd3 Ng6 18. Rae1 a6 19. Ba3 Re8 20. exf6 Qxf6 21. Rxe8+ Rxe8 22. bxa6 bxa6 23. Bc5 Nf4 24. Qf3 Bxc5 25. dxc5 Qd4 26. Nb3 Qe4 27. Qxe4 Rxe4 28. Rd1 Rc4 29. g3 Ne2+ 30. Kf1 Nc3 31. Rd2 c6 32. Rc2 Ne4 33. Rxc4 dxc4 34. Na5 c3 35. Ke2 c2 36. Nb3 Nxc5 37. Nc1 Ne4 38. g4 Kf7 39. f3 Nc5 40. Kd2 Ne6 41. Ne2 Ng5 42. Nd4 c5 43. Nb3 Nxf3+ 44. Kxc2 Ng5 45. Nxc5 Nxh3 46. Nxa6 Nf2 47. Nc5 Nxg4 48. a4 Ne5 49. a5 Nc6 50. a6 h5 51. Kd3 Kf6 52. Ke4 h4 53. Kf4 g5+ 54. Kg4 Ne5+ 55. Kh3 Nc6 56. Kg4 Kg6 57. Ne4 Ne5+ 58. Kh3 Nc6 59. Kg4 Ne5+ 60. Kh3 Nc6 61. Nf2 Kf5 62. Ng4 Ke6 63. Nf2 Kf5 64. Ng4 Kf4 65. Nf6 Kf3 66. Ng4 Na7 67. Ne5+ Kf4 68. Ng4 Kf5 69. Ne3+ Ke4 70. Ng4 Kf3 71. Ne5+ Kf4 72. Nf7 g4+ 73. Kxh4 g3 74. Ng5 Nc6 75. Nh3+ Kf3 76. Ng5+ Kf4 77. Ne6+ Ke3 78. Kxg3 1-0

[Event "Titled Tuesday intern op 11th Feb Early"]
[Site "Chess.com INT"]
[Date "2025.02.11"]
[Round "9"]
[White "Dinesh, Rajan M"]
[Black "Ugorek, Kacper"]
[Result "1-0"]
[WhiteElo "2157"]
[BlackElo "2226"]
[PlyCount "101"]
[EventDate "2025.02.11"]
[EventType "swiss (blitz)"]
[EventRounds "11"]
[EventCountry "USA"]
[SourceTitle "CB09_2025"]
[SourceDate "2025.02.27"]
[SourceVersion "1"]
[SourceVersionDate "2025.02.27"]
[SourceQuality "1"]

1. e4 Nf6 2. e5 Nd5 3. Nf3 d6 4. Bc4 Nb6 5. Bb3 dxe5 6. Nxe5 e6 7. Qf3 Qf6 8. d4 Qxf3 9. Nxf3 Nc6 10. Bf4 Bd6 11. Bxd6 cxd6 12. Nc3 d5 13. Nb5 Ke7 14. 0-0-0 Bd7 15. Rhe1 Rac8 16. Nc3 Kd6 17. Kb1 f6 18. Nb5+ Ke7 19. Nh4 g6 20. f4 Na5 21. Nc3 Kf7 22. Re2 Nac4 23. g4 h6 24. Rde1 g5 25. f5 Rce8 26. Nf3 exf5 27. Nxd5 Rxe2 28. Rxe2 Nxd5 29. Bxc4 Bc6 30. gxf5 Re8 31. Rxe8 Kxe8 32. Nd2 Ne3 33. Be6 Ke7 34. c4 Bg2 35. Bc8 b6 36. c5 bxc5 37. dxc5 Bh3 38. b4 Bxf5+ 39. Bxf5 Nxf5 40. Kc2 Ke6 41. Kd3 Ne7 42. Kc4 f5 43. b5 g4 44. c6 Kd6 45. Kd4 a6 46. Nc4+ Kc7 47. bxa6 f4 48. Ke4 Kxc6 49. Kxf4 Nc8 50. Kxg4 Kb5 51. Nd6+ 1-0

[Event "Titled Tuesday intern op 11th Feb Early"]
[Site "Chess.com INT"]
[Date "2025.02.11"]
[Round "5"]
[White "Dwilewicz, Katarzyna"]
[Black "Dinesh, Rajan M"]
[Result "0-1"]
[WhiteElo "2190"]
[BlackElo "2157"]
[PlyCount "118"]
[EventDate "2025.02.11"]
[EventType "swiss (blitz)"]
[EventRounds "11"]
[EventCountry "USA"]
[SourceTitle "CB08_2025"]
[SourceDate "2025.02.19"]
[SourceVersion "1"]
[SourceVersionDate "2025.02.19"]
[SourceQuality "1"]

1. e4 e5 2. Bc4 Nc6 3. d3 Bc5 4. Nc3 d6 5. Na4 Nge7 6. Nxc5 dxc5 7. Ne2 0-0 8. a3 Kh8 9. 0-0 f5 10. exf5 Nxf5 11. Ng3 Ncd4 12. c3 Ne6 13. Qe2 Qf6 14. Nh5 Qg6 15. Qxe5 Qxh5 16. Bxe6 Bxe6 17. Qxe6 Rae8 18. Qd5 Qg6 19. Bf4 Ne7 20. Qg5 Qxd3 21. Rad1 Qc2 22. Bxc7 Ng6 23. Qd2 Qf5 24. Bg3 h5 25. h4 Re4 26. Qd5 Nxh4 27. Bxh4 Rxh4 28. Qxf5 Rxf5 29. Rd7 b5 30. Re1 Rg5 31. Rxa7 Rhg4 32. g3 h4 33. Kg2 hxg3 34. f3 Rh4 35. Rh1 Rxh1 36. Kxh1 Rh5+ 37. Kg2 Rh2+ 38. Kxg3 Rxb2 39. Rc7 c4 40. Rb7 Rb3 41. Kg4 Kh7 42. f4 Kh6 43. Rb6+ Kh7 44. Rb7 Kg6 45. f5+ Kf6 46. Rb6+ Ke5 47. Re6+ Kd5 48. Rb6 Kc5 49. Rb7 Rxa3 50. Rxg7 Rxc3 51. f6 Rc1 52. f7 Rf1 53. Rg5+ Kd6 54. Rxb5 Rxf7 55. Rb1 Kc5 56. Rb8 Kd4 57. Rd8+ Kc3 58. Rc8 Kb3 59. Rb8+ Kc2 0-1

[Event "Titled Tuesday intern op 11th Feb Early"]
[Site "Chess.com INT"]
[Date "2025.02.11"]
[Round "1"]
[White "Martel Bruniaux, Malko"]
[Black "Dinesh, Rajan M"]
[Result "0-1"]
[WhiteElo "2164"]
[BlackElo "2157"]
[PlyCount "96"]
[EventDate "2025.02.11"]
[EventType "swiss (blitz)"]
[EventRounds "11"]
[EventCountry "USA"]
[SourceTitle "CB08_2025"]
[SourceDate "2025.02.19"]
[SourceVersion "1"]
[SourceVersionDate "2025.02.19"]
[SourceQuality "1"]

1. e4 e5 2. Nf3 Nc6 3. Nc3 Nf6 4. Nd5 Bc5 5. Bd3 d6 6. c3 0-0 7. 0-0 a5 8. Bc2 Nxd5 9. exd5 Ne7 10. d4 exd4 11. cxd4 Bb6 12. Ng5 Bf5 13. Re1 Bxc2 14. Qxc2 Ng6 15. h4 h6 16. h5 hxg5 17. hxg6 Qf6 18. Re3 fxg6 19. Rf3 Qxd4 20. Be3 Qxd5 21. Rxf8+ Rxf8 22. Bxb6 cxb6 23. Qxg6 Qf5 24. Qxd6 Qxf2+ 25. Kh1 Rf6 26. Qd5+ Kh7 27. Qe4+ Qf5 28. Qe3 Rh6+ 29. Kg1 Qc5 30. Re1 Re6 31. Qxc5 Rxe1+ 32. Kf2 bxc5 33. Kxe1 Kg6 34. Kd2 b5 35. Kd3 Kf5 36. a4 bxa4 37. Kc4 Kf4 38. Kxc5 Kg3 39. Kb5 Kxg2 40. Kxa4 Kf2 41. Kxa5 g4 42. b4 g3 43. b5 g2 44. b6 g1Q 45. Ka6 Qa1+ 46. Kb7 Qb2 47. Kc7 g5 48. b7 g4 0-1

[Event "Titled Tuesday intern op 11th Feb Early"]
[Site "Chess.com INT"]
[Date "2025.02.11"]
[Round "11"]
[White "Nathan, Krishna"]
[Black "Dinesh, Rajan M"]
[Result "1/2-1/2"]
[WhiteElo "2004"]
[BlackElo "2157"]
[PlyCount "95"]
[EventDate "2025.02.11"]
[EventType "swiss (blitz)"]
[EventRounds "11"]
[EventCountry "USA"]
[SourceTitle "CB09_2025"]
[SourceDate "2025.02.27"]
[SourceVersion "1"]
[SourceVersionDate "2025.02.27"]
[SourceQuality "1"]

1. d4 e6 2. e4 d5 3. Nd2 Nf6 4. e5 Ne4 5. Nxe4 dxe4 6. Ne2 c5 7. c3 Nc6 8. Be3 cxd4 9. cxd4 Bb4+ 10. Nc3 0-0 11. Be2 Qa5 12. Qc1 Rd8 13. a3 Bxc3+ 14. Qxc3 Qxc3+ 15. bxc3 b6 16. 0-0 Na5 17. Rab1 Bb7 18. c4 Ba6 19. Rfc1 Rac8 20. Rb4 Rc7 21. Bf1 Nc6 22. Ra4 Bc8 23. c5 Na5 24. cxb6 Rxc1 25. Bxc1 axb6 26. Rb4 Nc6 27. Rxb6 Nxd4 28. a4 f5 29. exf6 gxf6 30. a5 Kf7 31. a6 Bd7 32. Rb7 Ke7 33. Be3 e5 34. Bxd4 exd4 35. Bb5 d3 36. Kf1 Rc8 37. Rxd7+ Ke6 38. Ke1 Rb8 39. Rb7 Rc8 40. a7 Rc1+ 41. Kd2 Rc2+ 42. Kd1 Ra2 43. Bc6 Ra1+ 44. Kd2 Ra2+ 45. Kd1 Ra1+ 46. Kd2 Ra2+ 47. Ke1 Ra1+ 48. Kd2 1/2-1/2

[Event "Titled Tuesday intern op 04th Feb Early"]
[Site "Chess.com INT"]
[Date "2025.02.04"]
[Round "1"]
[White "Dinesh, Rajan M"]
[Black "Nechaeva, Marina"]
[Result "1-0"]
[WhiteElo "2157"]
[BlackElo "2325"]
[PlyCount "91"]
[EventDate "2025.02.04"]
[EventType "swiss (blitz)"]
[EventRounds "11"]
[EventCountry "USA"]
[SourceTitle "CB07_2025"]
[SourceDate "2025.02.12"]
[SourceVersion "1"]
[SourceVersionDate "2025.02.12"]
[SourceQuality "1"]

1. e4 e5 2. Nf3 Nc6 3. Bb5 a6 4. Ba4 Nf6 5. 0-0 Be7 6. Re1 b5 7. Bb3 0-0 8. a4 b4 9. a5 d6 10. c3 Bg4 11. h3 Bh5 12. Bd5 Nxd5 13. exd5 Nb8 14. cxb4 f5 15. Qb3 Bxf3 16. Qxf3 Nd7 17. d3 Rb8 18. Bd2 Bg5 19. Ra4 h6 20. Rc1 Rb7 21. Rc6 Kh8 22. Rxa6 e4 23. dxe4 Ne5 24. Qh5 f4 25. Rc6 g6 26. Qd1 f3 27. a6 Ra7 28. Ra3 Qf6 29. g3 Nxc6 30. dxc6 Kh7 31. Bxg5 Qxg5 32. Nc3 Rf4 33. Nd5 Rxe4 34. Rxf3 Kg7 35. b5 Qe5 36. Re3 Rd4 37. Qf3 Qf5 38. Re7+ Kf8 39. Qxf5+ gxf5 40. Rxc7 Ra8 41. Nb6 Re8 42. a7 Rd1+ 43. Kg2 Ra1 44. a8Q Rexa8 45. Nxa8 Rxa8 46. b6 1-0

[Event "Titled Tuesday intern op 04th Feb Early"]
[Site "Chess.com INT"]
[Date "2025.02.04"]
[Round "10"]
[White "Rustemov, Alexander"]
[Black "Dinesh, Rajan M"]
[Result "1-0"]
[WhiteElo "2525"]
[BlackElo "2157"]
[PlyCount "143"]
[EventDate "2025.02.04"]
[EventType "swiss (blitz)"]
[EventRounds "11"]
[EventCountry "USA"]
[SourceTitle "CB07_2025"]
[SourceDate "2025.02.12"]
[SourceVersion "1"]
[SourceVersionDate "2025.02.12"]
[SourceQuality "1"]

1. d4 Nf6 2. c4 e6 3. Nf3 b6 4. a3 Bb7 5. Nc3 d5 6. Bg5 Be7 7. Bxf6 Bxf6 8. cxd5 exd5 9. Qa4+ Nd7 10. g3 0-0 11. Bh3 c6 12. Nxd5 cxd5 13. Qxd7 Qb8 14. Rc1 Re8 15. e3 Re7 16. Qa4 Qd6 17. 0-0 a5 18. Rfd1 h5 19. Rc3 Ba6 20. Qc6 Qd8 21. Nd2 Raa7 22. Rdc1 Kh7 23. Bg2 Bb7 24. Qb5 Rd7 25. h4 Ba6 26. Qb3 g6 27. Qc2 Kg7 28. Bf1 Bb7 29. Nf3 Qe7 30. Rc7 a4 31. Bb5 Rxc7 32. Qxc7 Ra5 33. Bd3 Rc5 34. Rxc5 bxc5 35. Qxe7 Bxe7 36. dxc5 Bxc5 37. Bb5 Bb6 38. Bxa4 Ba5 39. b4 Bb6 40. Nd4 Kf6 41. f4 Ke7 42. Kf2 Kd6 43. Bb5 Ba7 44. Ke2 Bc8 45. Kd3 Bh3 46. Kc3 Bg2 47. a4 Ke7 48. Nc6+ Kd6 49. Nxa7 f6 50. Nc6 g5 51. Nd4 gxh4 52. gxh4 Be4 53. a5 f5 54. Bd3 Bxd3 55. Kxd3 Kc7 56. Nxf5 Kd8 57. Ng3 Ke7 58. Nxh5 Kf7 59. Kd4 Kg6 60. Ng3 Kf6 61. b5 Ke6 62. h5 Kd6 63. h6 Kc7 64. h7 Kd7 65. h8Q Ke7 66. Qg7+ Ke6 67. f5+ Kd6 68. Qf6+ Kd7 69. Kxd5 Ke8 70. Qg7 Kd8 71. Kd6 Ke8 72. Qe7# 1-0

[Event "Titled Tuesday intern op 28th Jan Early"]
[Site "Chess.com INT"]
[Date "2025.01.28"]
[Round "3"]
[White "Demirtas, Alper"]
[Black "Dinesh, Rajan M"]
[Result "1-0"]
[WhiteElo "2260"]
[BlackElo "2189"]
[PlyCount "127"]
[EventDate "2025.01.28"]
[EventType "swiss (blitz)"]
[EventRounds "11"]
[EventCountry "USA"]
[SourceTitle "CB06_2025"]
[SourceDate "2025.02.05"]
[SourceVersion "1"]
[SourceVersionDate "2025.02.05"]
[SourceQuality "1"]

1. Nf3 Nf6 2. c4 b6 3. g3 Bb7 4. Bg2 g6 5. 0-0 Bg7 6. Nc3 0-0 7. Re1 d6 8. e4 e5 9. d4 Nbd7 10. b3 a5 11. Bb2 Re8 12. Qc2 exd4 13. Nxd4 Nc5 14. Rad1 Qc8 15. Nd5 Nxd5 16. cxd5 Qd7 17. a3 Re7 18. Ba1 Rae8 19. b4 axb4 20. axb4 Na6 21. Qb1 Qa4 22. Bc3 Qa3 23. Re3 Bh6 24. Red3 Qa4 25. Qb2 Qd7 26. Ra1 Nb8 27. Ra7 Qc8 28. Rd1 Nd7 29. Rda1 Nf6 30. Nc6 Bxc6 31. Bxf6 Bb7 32. Bxe7 Rxe7 33. Qc2 Qb8 34. R7a3 Bg7 35. Rc1 h6 36. Bf1 Qd8 37. Ra7 Qb8 38. Ra3 h5 39. h4 Bh6 40. Rd1 Qc8 41. Bg2 Qg4 42. Rf1 Bc8 43. Ra8 Kh7 44. Ra7 Bg7 45. Rxc7 Rxc7 46. Qxc7 Ba6 47. Re1 Bd4 48. Qxd6 Bc3 49. Rc1 Bd4 50. Qf4 Qd7 51. Rc7 Qe8 52. Qxf7+ Qxf7 53. Rxf7+ Kg8 54. Rc7 Be5 55. Rc6 Bd3 56. Rxb6 Kf7 57. Re6 Bd4 58. Rc6 Ke7 59. Rxg6 Bc3 60. Rg5 Be2 61. Rf5 Bxb4 62. Bf3 Bd2 63. Bxe2 Kd6 64. Bxh5 1-0